000 00591nam a22001817a 4500
005 20251108175727.0
008 250721s2015 xx 000 0 ara d
082 1 4 _a658.4/مصر
100 1 _aالمصري، إيهاب عيسى
245 1 0 _aالسلوك الإداري و الهندسة الإدارية /
264 1 _aالجيزة :
_bالمؤسسة العربية للعلوم والثقافة،
_c2015.
300 _a424 ص.
650 1 7 _aالادارة
650 1 7 _aالقيادة
700 1 _aعامر، طارق عبد الرؤوف
942 _2ddc
_cBK
999 _c140976
_d140976